<?xml version="1.0" encoding="UTF-8"?>
<record
    xmlns:xsi="http://www.w3.org/2001/XMLSchema-instance"
    xsi:schemaLocation="http://www.loc.gov/MARC21/slim http://www.loc.gov/standards/marcxml/schema/MARC21slim.xsd"
    xmlns="http://www.loc.gov/MARC21/slim">

  <leader>01661    a2200277   4500</leader>
  <controlfield tag="003">Nust</controlfield>
  <controlfield tag="005">20221201090259.0</controlfield>
  <datafield tag="010" ind1=" " ind2=" ">
    <subfield code="a">   89011374</subfield>
  </datafield>
  <datafield tag="020" ind1=" " ind2=" ">
    <subfield code="a">0387191895 (Springer-Verlag New York Berlin Heidelberg)</subfield>
  </datafield>
  <datafield tag="020" ind1=" " ind2=" ">
    <subfield code="a">3540191895 (Springer-Verlag Berlin Heidelberg New York)</subfield>
  </datafield>
  <datafield tag="040" ind1=" " ind2=" ">
    <subfield code="c">Nust</subfield>
  </datafield>
  <datafield tag="082" ind1="0" ind2="0">
    <subfield code="a">535.4,BAB</subfield>
  </datafield>
  <datafield tag="100" ind1="1" ind2=" ">
    <subfield code="a">Babich, V. M.</subfield>
    <subfield code="9">103846</subfield>
  </datafield>
  <datafield tag="245" ind1="1" ind2="0">
    <subfield code="a">Short-wavelength diffraction theory :</subfield>
    <subfield code="b">asymptotic methods / </subfield>
    <subfield code="c">V.M. Babic V.S. Buldyrev ; translated by E.F. Kuester.</subfield>
  </datafield>
  <datafield tag="260" ind1=" " ind2=" ">
    <subfield code="a">Berlin ;</subfield>
    <subfield code="a">New York :</subfield>
    <subfield code="b">Springer-Verlag,</subfield>
    <subfield code="c">c1991.</subfield>
  </datafield>
  <datafield tag="300" ind1=" " ind2=" ">
    <subfield code="a">xi, 445 p. :</subfield>
    <subfield code="b">ill. ;</subfield>
    <subfield code="c">24 cm.</subfield>
  </datafield>
  <datafield tag="490" ind1="1" ind2=" ">
    <subfield code="a">Springer series on wave phenomena ;</subfield>
    <subfield code="v">v. 4</subfield>
  </datafield>
  <datafield tag="505" ind1=" " ind2=" ">
    <subfield code="a">The Ray Method (Page-1), The field near a Caustic (Page-42), Derivation of Asymptotic Formulas for Eigenvalues and Eigenfunctions Using the Ray Method (Page-66), The Ray Method in the Small (Page-97), The Parabolic Equations&#x2019; Method (Page-131), Asymptotic Expansions of Eigenfunctions Concentrated (Page-145), Eigenfunctions Concentrated in the Neighborhood (Page-180), Eigenfunctions Concentrated in the Vicinity of Closed Geodesic (Page-214) Multiple Mirror Resonate (Page-258), The field of a point Source Located Near A Convex Curve (Page-285), Asymptotic Expansion of the green Functions (Page-306), The High Frequency Asymptotic of the field Scartted by Smooth Body (357).</subfield>
  </datafield>
  <datafield tag="650" ind1=" " ind2="0">
    <subfield code="a">Asymptotic expansions.</subfield>
    <subfield code="9">103847</subfield>
  </datafield>
  <datafield tag="650" ind1=" " ind2="0">
    <subfield code="a">Eigenfunctions.</subfield>
    <subfield code="9">103848</subfield>
  </datafield>
  <datafield tag="650" ind1=" " ind2="0">
    <subfield code="a">X-rays</subfield>
    <subfield code="x">Diffraction.</subfield>
  </datafield>
  <datafield tag="700" ind1="1" ind2=" ">
    <subfield code="a">Buldyrev, V. S.</subfield>
    <subfield code="9">103849</subfield>
  </datafield>
  <datafield tag="740" ind1="0" ind2=" ">
    <subfield code="a">Shortwave diffraction theory.</subfield>
  </datafield>
  <datafield tag="830" ind1=" " ind2="0">
    <subfield code="a">Springer series on wave phenomena ;</subfield>
    <subfield code="9">103850</subfield>
  </datafield>
  <datafield tag="942" ind1=" " ind2=" ">
    <subfield code="2">ddc</subfield>
    <subfield code="c">BK</subfield>
    <subfield code="k">535.4,BAB</subfield>
  </datafield>
  <datafield tag="999" ind1=" " ind2=" ">
    <subfield code="c">183961</subfield>
    <subfield code="d">183961</subfield>
  </datafield>
  <datafield tag="952" ind1=" " ind2=" ">
    <subfield code="0">0</subfield>
    <subfield code="1">0</subfield>
    <subfield code="2">ddc</subfield>
    <subfield code="4">0</subfield>
    <subfield code="7">0</subfield>
    <subfield code="a">MCS</subfield>
    <subfield code="b">MCS</subfield>
    <subfield code="c">GEN</subfield>
    <subfield code="d">2016-12-12</subfield>
    <subfield code="o">535.4,BAB</subfield>
    <subfield code="p">MCS5156</subfield>
    <subfield code="r">2016-12-08</subfield>
    <subfield code="w">2016-12-12</subfield>
    <subfield code="y">BK</subfield>
    <subfield code="z">Almirah No.16, Shelf No.3</subfield>
  </datafield>
</record>
